The value of a doctorate in higher education for student affairs administrators (Record no. 79043)

MARC details
000 -CABECERA
campo de control de longitud fija 00670nam a2200241 a 4500
005 - FECHA Y HORA DE LA ÚLTIMA TRANSACCIÓN
campo de control 20210219153524.0
008 - ELEMENTOS DE LONGITUD FIJA--INFORMACIÓN GENERAL
campo de control de longitud fija 991125n 000 0 u
035 ## - NÚMERO DE CONTROL DEL SISTEMA
Número de control de sistema UPN01000104659
100 ## - ASIENTO PRINCIPAL--NOMBRE PERSONAL
Nombre de persona Townsend, Barbara K.
222 ## - TÍTULO CLAVE
Título clave NASPA JOURNAL
245 ## - MENCIÓN DE TÍTULO
Título The value of a doctorate in higher education for student affairs administrators
300 ## - DESCRIPCIÓN FÍSICA
Extensión 51-58
362 ## - FECHAS DE PUBLICACIÓN Y/O DESIGNACIÓN SECUENCIAL
Fecha de publicación y/o designación secuencial 30, No. 1, 1992
505 ## - NOTA DE CONTENIDO CON FORMATO PREESTABLECIDO
Nota de contenido con formato Marzo 1993
653 0# - TERMINO DE INDIZACION - NO CONTROLADO
Término no controlado ACTITUDES DEL ADMINISTRADOR
653 0# - TERMINO DE INDIZACION - NO CONTROLADO
Término no controlado ADMINISTRADORES
653 0# - TERMINO DE INDIZACION - NO CONTROLADO
Término no controlado DOCTORADO
653 0# - TERMINO DE INDIZACION - NO CONTROLADO
Término no controlado EDUCACION SUPERIOR
653 0# - TERMINO DE INDIZACION - NO CONTROLADO
Término no controlado EMPLEO DE ESTUDIANTES
700 ## - ASIENTO SECUNDARIO--NOMBRE DE PERSONAL
Nombre de persona Wiese, Michael
904 ## - ELEMENTOS DE DATOS D LOCAL, LDD (RLIN)
a AC
b 042470
905 ## - TIPO DE MATERIAL
Tipo de material Articulo

No items available.